Plan de lucha contra la pobreza absoluta y para la generación de empleo : (Registro nro. 8559)

Detalles MARC
000 -LEADER
fixed length control field 01068nam a2200229Ia 4500
003 - CONTROL NUMBER IDENTIFIER
control field OSt
005 - DATE AND TIME OF LATEST TRANSACTION
control field 20210923185845.0
008 - FIXED-LENGTH DATA ELEMENTS--GENERAL INFORMATION
fixed length control field 210310s1987 ck fr 000 0 spa d
040 ## - CATALOGING SOURCE
Original cataloging agency CO-JMCR
Transcribing agency CO-JMCR
041 0# - LANGUAGE CODE
Language code of text/sound track or separate title spa
082 04 - DEWEY DECIMAL CLASSIFICATION NUMBER
Classification number 362.5 /
Item number C718p
Edition number 23
100 ## - MAIN ENTRY--PERSONAL NAME
Personal name Pautas Generales
9 (RLIN) 17625
110 1# - MAIN ENTRY--CORPORATE NAME
Corporate name or jurisdiction name as entry element Colombia.
Subordinate unit Presidencia de la República
9 (RLIN) 2972
245 10 - TITLE STATEMENT
Title Plan de lucha contra la pobreza absoluta y para la generación de empleo :
Remainder of title acción inmediata sobre los municipios más pobres del país, pautas generales /
Statement of responsibility, etc. Presidencia de la República
260 ## - PUBLICATION, DISTRIBUTION, ETC.
Place of publication, distribution, etc. Bogotá :
Name of publisher, distributor, etc. Presidencia de la República,
Date of publication, distribution, etc. 1987
300 ## - PHYSICAL DESCRIPTION
Extent 103 páginas ;
Dimensions 22 cm.
505 0# - FORMATTED CONTENTS NOTE
Formatted contents note Pasos y modelos de gestión a seguir para participar en el plan de acción inmediata -- Recursos -- Presupuesto, plazo y alcance -- Presupuesto, plazo y alcance -- Organización institucional para el plan de acción inmediata
650 14 - SUBJECT ADDED ENTRY--TOPICAL TERM
Topical term or geographic name entry element Pobreza
9 (RLIN) 17627
Geographic subdivision Colombia
650 24 - SUBJECT ADDED ENTRY--TOPICAL TERM
Topical term or geographic name entry element Condiciones económicas
Geographic subdivision Colombia
9 (RLIN) 6839
650 24 - SUBJECT ADDED ENTRY--TOPICAL TERM
Topical term or geographic name entry element Condiciones sociales
Geographic subdivision Colombia
9 (RLIN) 6840
942 ## - ADDED ENTRY ELEMENTS (KOHA)
Source of classification or shelving scheme Dewey Decimal Classification
Koha item type Books
Existencias
Withdrawn status Lost status Source of classification or shelving scheme Damaged status Not for loan Collection code Home library Current library Date acquired Source of acquisition Full call number Barcode Date last seen Copy number Koha item type
    Dewey Decimal Classification     Non-fiction Biblioteca Pública José María del Castillo y Rada Biblioteca Pública José María del Castillo y Rada 04/15/2018 Donación 362.5 / C718p 430000491 05/16/2024 Ej.1 Books